00512nam a22001572 4500001001100000005001700011008004100028020001700069040001500086100003400101245010800135260004000243300002600283650004200309852000300351000002544620151217154544.0150922s xx 000 0 eng d a9966151124 : aKABUcKABU1 aOmony, John Paul.@000018609210aKey Issues in Jurisprudence :bAn In-depth Discourse on Jurisprudence problems. /cby Omony John Paul. aNairobi, Kenya :blawAfrica,c2013. axxiv, 234 p. ;c cm. 0aJurisprudence xOutlines.@00001860931